<?xml version="1.0" encoding="UTF-8"?>
<record
    xmlns:xsi="http://www.w3.org/2001/XMLSchema-instance"
    xsi:schemaLocation="http://www.loc.gov/MARC21/slim http://www.loc.gov/standards/marcxml/schema/MARC21slim.xsd"
    xmlns="http://www.loc.gov/MARC21/slim">

  <leader>04336nam0a22007571  4500</leader>
  <controlfield tag="001">RU\NLR\A1\26155</controlfield>
  <controlfield tag="005">20260406110937.0</controlfield>
  <datafield tag="035" ind1=" " ind2=" ">
    <subfield code="a">(NLR Aleph) 009680474</subfield>
  </datafield>
  <datafield tag="090" ind1=" " ind2=" ">
    <subfield code="a">9699776</subfield>
    <subfield code="c">9699776</subfield>
  </datafield>
  <datafield tag="100" ind1=" " ind2=" ">
    <subfield code="a">19990819d1787    u  y0rusy50      ca</subfield>
  </datafield>
  <datafield tag="101" ind1="1" ind2=" ">
    <subfield code="a">rus</subfield>
    <subfield code="c">ger</subfield>
  </datafield>
  <datafield tag="102" ind1=" " ind2=" ">
    <subfield code="a">RU</subfield>
  </datafield>
  <datafield tag="135" ind1=" " ind2=" ">
    <subfield code="a">crcn 024anaba</subfield>
  </datafield>
  <datafield tag="200" ind1="1" ind2=" ">
    <subfield code="a">&#x41B;&#x44E;&#x431;&#x43E;&#x43F;&#x44B;&#x442;&#x43D;&#x44B;&#x44F; &#x438; &#x434;&#x43E;&#x441;&#x442;&#x43E;&#x43F;&#x430;&#x43C;&#x44F;&#x442;&#x43D;&#x44B;&#x44F; &#x441;&#x43A;&#x430;&#x437;&#x430;&#x43D;&#x438;&#x44F; &#x43E; &#x438;&#x43C;&#x43F;&#x435;&#x440;&#x430;&#x442;&#x43E;&#x440;&#x435; &#x41F;&#x435;&#x442;&#x440;&#x435; &#x412;&#x435;&#x43B;&#x438;&#x43A;&#x43E;&#x43C;</subfield>
    <subfield code="e">&#x418;&#x437;&#x43E;&#x431;&#x440;&#x430;&#x436;&#x430;&#x44E;&#x449;&#x438;&#x44F; &#x438;&#x441;&#x442;&#x438;&#x43D;&#x43D;&#x43E;&#x435; &#x441;&#x432;&#x43E;&#x439;&#x441;&#x442;&#x432;&#x43E; &#x441;&#x435;&#x433;&#x43E; &#x43F;&#x440;&#x435;&#x43C;&#x443;&#x434;&#x440;&#x430;&#x433;&#x43E; &#x433;&#x43E;&#x441;&#x443;&#x434;&#x430;&#x440;&#x44F; &#x438; &#x43E;&#x442;&#x446;&#x430; &#x43E;&#x442;&#x435;&#x447;&#x435;&#x441;&#x442;&#x432;&#x430;,</subfield>
    <subfield code="f">&#x421;&#x43E;&#x431;&#x440;&#x430;&#x43D;&#x43D;&#x44B;&#x44F; &#x432; &#x442;&#x435;&#x447;&#x435;&#x43D;&#x438;&#x435; &#x441;&#x43E;&#x440;&#x43E;&#x43A;&#x430; &#x43B;&#x435;&#x442; &#x434;&#x435;&#x439;&#x441;&#x442;&#x432;&#x438;&#x442;&#x435;&#x43B;&#x44C;&#x43D;&#x44B;&#x43C; &#x441;&#x442;&#x430;&#x442;&#x441;&#x43A;&#x438;&#x43C; &#x441;&#x43E;&#x432;&#x435;&#x442;&#x43D;&#x438;&#x43A;&#x43E;&#x43C; &#x42F;&#x43A;&#x43E;&#x432;&#x43E;&#x43C; &#x428;&#x442;&#x435;&#x43B;&#x438;&#x43D;&#x43E;&#x43C;</subfield>
    <subfield code="g">[&#x41F;&#x435;&#x440;. &#x441; &#x43D;&#x435;&#x43C;. &#x44F;&#x437;. &#x422;. &#x41F;. &#x41A;&#x438;&#x440;&#x438;&#x44F;&#x43A;]</subfield>
  </datafield>
  <datafield tag="205" ind1=" " ind2=" ">
    <subfield code="a">&#x412;&#x442;&#x43E;&#x440;&#x44B;&#x43C; &#x442;&#x438;&#x441;&#x43D;&#x435;&#x43D;&#x438;&#x435;&#x43C;</subfield>
  </datafield>
  <datafield tag="210" ind1=" " ind2=" ">
    <subfield code="a">&#x412; &#x421;&#x430;&#x43D;&#x43A;&#x442;&#x43F;&#x435;&#x442;&#x435;&#x440;&#x431;&#x443;&#x440;&#x433;&#x435;</subfield>
    <subfield code="c">&#x412; &#x442;&#x438;&#x43F;&#x43E;&#x433;&#x440;&#x430;&#x444;&#x438;&#x438; &#x41C;. &#x41E;&#x432;&#x447;&#x438;&#x43D;&#x43D;&#x438;&#x43A;&#x43E;&#x432;&#x430;</subfield>
    <subfield code="d">1787</subfield>
  </datafield>
  <datafield tag="215" ind1=" " ind2=" ">
    <subfield code="a">[2], XX, 486, 6 &#x441;.</subfield>
    <subfield code="d">8&#xB0;</subfield>
  </datafield>
  <datafield tag="300" ind1=" " ind2=" ">
    <subfield code="a">&#x41D;&#x430; &#x442;&#x438;&#x442;. &#x43B;.: &#x41F;&#x435;&#x447;&#x430;&#x442;&#x430;&#x43D;&#x43E; &#x441; &#x434;&#x43E;&#x437;&#x432;&#x43E;&#x43B;&#x435;&#x43D;&#x438;&#x44F; &#x443;&#x43A;&#x430;&#x437;&#x43D;&#x430;&#x433;&#x43E;.</subfield>
  </datafield>
  <datafield tag="305" ind1=" " ind2=" ">
    <subfield code="a">&#x41F;&#x435;&#x440;. &#x43A;&#x43D;.: Originalanekdoten von Peter dem Grossen (Leipzig, 1785)</subfield>
  </datafield>
  <datafield tag="314" ind1=" " ind2=" ">
    <subfield code="a">&#x418;&#x437;&#x434;&#x430;&#x442;&#x435;&#x43B;&#x435;&#x43C; 2-&#x433;&#x43E; &#x438;&#x437;&#x434;., &#x43A;&#x430;&#x43A; &#x438; 1-&#x433;&#x43E;, &#x432;&#x43E;&#x437;&#x43C;&#x43E;&#x436;&#x43D;&#x43E;, &#x431;&#x44B;&#x43B; &#x41F;. &#x418;. &#x411;&#x43E;&#x433;&#x434;&#x430;&#x43D;&#x43E;&#x432;&#x438;&#x447;. &#x427;&#x430;&#x441;&#x442;&#x44C; &#x43F;&#x43E;&#x434;&#x441;&#x442;&#x440;&#x43E;&#x447;. &#x43F;&#x440;&#x438;&#x43C;&#x435;&#x447;. &#x43F;&#x43E;&#x434;&#x43F;&#x438;&#x441;&#x430;&#x43D;&#x430; &#x438;&#x43D;&#x438;&#x446;&#x438;&#x430;&#x43B;&#x430;&#x43C;&#x438; "&#x41F;. &#x411;." &#x41F;&#x440;&#x438;&#x43B;. &#x43A; &#x438;&#x437;&#x434;. &#x43A;&#x43D;&#x438;&#x433;&#x43E;&#x43F;&#x440;&#x43E;&#x434;&#x430;&#x432;&#x447;. &#x440;&#x43E;&#x441;&#x43F;&#x438;&#x441;&#x44C; &#x441;&#x43E;&#x434;&#x435;&#x440;&#x436;&#x438;&#x442; &#x442;&#x435; &#x436;&#x435; &#x43A;&#x43D;., &#x43D;&#x43E; &#x441; &#x443;&#x43A;&#x430;&#x437;&#x430;&#x43D;&#x438;&#x435;&#x43C;, &#x447;&#x442;&#x43E; &#x43F;&#x440;&#x43E;&#x434;&#x430;&#x436;&#x430; &#x438;&#x445; &#x43F;&#x440;&#x43E;&#x438;&#x437;&#x432;&#x43E;&#x434;&#x438;&#x442;&#x441;&#x44F; &#x443; &#x41C;. &#x41E;&#x432;&#x447;&#x438;&#x43D;&#x43D;&#x438;&#x43A;&#x43E;&#x432;&#x430;</subfield>
  </datafield>
  <datafield tag="317" ind1=" " ind2=" ">
    <subfield code="a">&#x42D;&#x43A;&#x437;. &#x423;&#x41E;&#x41D;&#x411; &#x438;&#x437; &#x431;-&#x43A;&#x438; &#x414;. &#x41F;. &#x41E;&#x437;&#x43D;&#x43E;&#x431;&#x438;&#x448;&#x438;&#x43D;&#x430;</subfield>
    <subfield code="5">&#x423;&#x41E;&#x41D;&#x411;</subfield>
  </datafield>
  <datafield tag="317" ind1=" " ind2=" ">
    <subfield code="a">&#x42D;&#x43A;&#x437;. &#x41D;&#x411; &#x422;&#x430;&#x442; &#x438;&#x437; &#x431;-&#x43A;&#x438; &#x418;. &#x410;. &#x412;&#x442;&#x43E;&#x440;&#x43E;&#x432;&#x430;</subfield>
    <subfield code="5">&#x41D;&#x411; &#x422;&#x430;&#x442;</subfield>
  </datafield>
  <datafield tag="317" ind1=" " ind2=" ">
    <subfield code="a">&#x42D;&#x43A;&#x437;. &#x424;&#x411; &#x420;&#x413;&#x41F;&#x423; &#x438;&#x437; &#x441;&#x43E;&#x431;&#x440;&#x430;&#x43D;&#x438;&#x44F; &#x410;. &#x410;. &#x41B;&#x438;&#x432;&#x435;&#x43D;&#x430;</subfield>
    <subfield code="5">&#x424;&#x411; &#x420;&#x413;&#x41F;&#x423;</subfield>
  </datafield>
  <datafield tag="320" ind1=" " ind2=" ">
    <subfield code="a">[&#x41A;&#x43D;&#x438;&#x433;&#x43E;&#x43F;&#x440;&#x43E;&#x434;&#x430;&#x432;&#x447;. &#x440;&#x43E;&#x441;&#x43F;&#x438;&#x441;&#x44C; &#x41C;. &#x41E;&#x432;&#x447;&#x438;&#x43D;&#x43D;&#x438;&#x43A;&#x43E;&#x432;&#x430;] (&#x421;.1-6 2-&#x439; &#x43F;&#x430;&#x433;.)</subfield>
  </datafield>
  <datafield tag="321" ind1="1" ind2=" ">
    <subfield code="a">&#x421;&#x41A; XVIII 8473</subfield>
  </datafield>
  <datafield tag="325" ind1=" " ind2=" ">
    <subfield code="a">&#x41A;&#x43E;&#x43F;&#x438;&#x44F; &#x434;&#x43E;&#x441;&#x442;&#x443;&#x43F;&#x43D;&#x430; &#x432; &#x42D;&#x43B;&#x435;&#x43A;&#x442;&#x440;&#x43E;&#x43D;. &#x431;-&#x43A;&#x435; &#x420;&#x41D;&#x411;</subfield>
  </datafield>
  <datafield tag="518" ind1="1" ind2=" ">
    <subfield code="a">&#x41B;&#x44E;&#x431;&#x43E;&#x43F;&#x44B;&#x442;&#x43D;&#x44B;&#x435; &#x438; &#x434;&#x43E;&#x441;&#x442;&#x43E;&#x43F;&#x430;&#x43C;&#x44F;&#x442;&#x43D;&#x44B;&#x435; &#x441;&#x43A;&#x430;&#x437;&#x430;&#x43D;&#x438;&#x44F; &#x43E; &#x438;&#x43C;&#x43F;&#x435;&#x440;&#x430;&#x442;&#x43E;&#x440;&#x435; &#x41F;&#x435;&#x442;&#x440;&#x435; &#x412;&#x435;&#x43B;&#x438;&#x43A;&#x43E;&#x43C;</subfield>
  </datafield>
  <datafield tag="600" ind1=" " ind2="0">
    <subfield code="a">&#x41F;&#x435;&#x442;&#x440;</subfield>
    <subfield code="c">&#x438;&#x43C;&#x43F;&#x435;&#x440;&#x430;&#x442;&#x43E;&#x440; &#x440;&#x43E;&#x441;&#x441;&#x438;&#x439;&#x441;&#x43A;&#x438;&#x439;</subfield>
    <subfield code="d">I</subfield>
    <subfield code="f">1672 - 1725</subfield>
    <subfield code="9">1224899</subfield>
    <subfield code="3">RU\NLR\AUTH\66180638</subfield>
  </datafield>
  <datafield tag="620" ind1=" " ind2=" ">
    <subfield code="d">&#x421;&#x430;&#x43D;&#x43A;&#x442;-&#x41F;&#x435;&#x442;&#x435;&#x440;&#x431;&#x443;&#x440;&#x433;</subfield>
  </datafield>
  <datafield tag="700" ind1=" " ind2="1">
    <subfield code="8">rus</subfield>
    <subfield code="7">ca</subfield>
    <subfield code="a">&#x428;&#x442;&#x435;&#x43B;&#x438;&#x43D;</subfield>
    <subfield code="b">&#x42F;. &#x42F;.</subfield>
    <subfield code="f">1709-1785</subfield>
    <subfield code="g">&#x42F;&#x43A;&#x43E;&#x432; &#x42F;&#x43A;&#x43E;&#x432;&#x43B;&#x435;&#x432;&#x438;&#x447;</subfield>
    <subfield code="3">RU\NLR\AUTH\77115059</subfield>
    <subfield code="9">97984</subfield>
  </datafield>
  <datafield tag="702" ind1=" " ind2="1">
    <subfield code="4">610</subfield>
    <subfield code="7">ca</subfield>
    <subfield code="8">rus</subfield>
    <subfield code="a">&#x41E;&#x432;&#x447;&#x438;&#x43D;&#x43D;&#x438;&#x43A;&#x43E;&#x432;</subfield>
    <subfield code="b">&#x41C;. &#x41A;.</subfield>
    <subfield code="f">-1802</subfield>
    <subfield code="g">&#x41C;&#x430;&#x442;&#x432;&#x435;&#x439; &#x41A;&#x43E;&#x43D;&#x434;&#x440;&#x430;&#x442;&#x44C;&#x435;&#x432;&#x438;&#x447;</subfield>
    <subfield code="9">218841</subfield>
    <subfield code="3">RU\NLR\AUTH\770218897</subfield>
  </datafield>
  <datafield tag="702" ind1=" " ind2="1">
    <subfield code="4">730</subfield>
    <subfield code="8">rus</subfield>
    <subfield code="7">ca</subfield>
    <subfield code="a">&#x41A;&#x438;&#x440;&#x438;&#x44F;&#x43A;</subfield>
    <subfield code="b">&#x422;. &#x41F;.</subfield>
    <subfield code="f">-1802</subfield>
    <subfield code="g">&#x422;&#x438;&#x43C;&#x43E;&#x444;&#x435;&#x439; &#x41F;&#x440;&#x43E;&#x43A;&#x43E;&#x444;&#x44C;&#x435;&#x432;&#x438;&#x447;</subfield>
    <subfield code="3">RU\NLR\AUTH\77100518</subfield>
    <subfield code="9">83444</subfield>
  </datafield>
  <datafield tag="702" ind1=" " ind2="1">
    <subfield code="4">610</subfield>
    <subfield code="8">rus</subfield>
    <subfield code="7">ca</subfield>
    <subfield code="a">&#x411;&#x43E;&#x433;&#x434;&#x430;&#x43D;&#x43E;&#x432;&#x438;&#x447;</subfield>
    <subfield code="b">&#x41F;. &#x418;.</subfield>
    <subfield code="f">&#x43E;&#x43A;.1750-1803</subfield>
    <subfield code="g">&#x41F;&#x435;&#x442;&#x440; &#x418;&#x432;&#x430;&#x43D;&#x43E;&#x432;&#x438;&#x447;</subfield>
    <subfield code="3">RU\NLR\AUTH\77100343</subfield>
    <subfield code="9">83269</subfield>
  </datafield>
  <datafield tag="702" ind1=" " ind2="1">
    <subfield code="4">390</subfield>
    <subfield code="8">rus</subfield>
    <subfield code="7">ca</subfield>
    <subfield code="a">&#x41E;&#x437;&#x43D;&#x43E;&#x431;&#x438;&#x448;&#x438;&#x43D;</subfield>
    <subfield code="b">&#x414;. &#x41F;.</subfield>
    <subfield code="f">1804-1877</subfield>
    <subfield code="g">&#x414;&#x43C;&#x438;&#x442;&#x440;&#x438;&#x439; &#x41F;&#x435;&#x442;&#x440;&#x43E;&#x432;&#x438;&#x447;</subfield>
    <subfield code="3">RU\NLR\AUTH\7749408</subfield>
    <subfield code="9">32343</subfield>
  </datafield>
  <datafield tag="702" ind1=" " ind2="1">
    <subfield code="a">&#x41B;&#x438;&#x432;&#x435;&#x43D;</subfield>
    <subfield code="b">&#x410;. &#x410;</subfield>
    <subfield code="5">&#x424;&#x411; &#x420;&#x413;&#x41F;&#x423;</subfield>
    <subfield code="4">390</subfield>
  </datafield>
  <datafield tag="702" ind1=" " ind2="1">
    <subfield code="4">390</subfield>
    <subfield code="8">rus</subfield>
    <subfield code="7">ca</subfield>
    <subfield code="a">&#x412;&#x442;&#x43E;&#x440;&#x43E;&#x432;</subfield>
    <subfield code="b">&#x418;. &#x410;.</subfield>
    <subfield code="f">1772-1844</subfield>
    <subfield code="g">&#x418;&#x432;&#x430;&#x43D; &#x410;&#x43B;&#x435;&#x43A;&#x441;&#x435;&#x435;&#x432;&#x438;&#x447;</subfield>
    <subfield code="3">RU\NLR\AUTH\7792433</subfield>
    <subfield code="9">75360</subfield>
  </datafield>
  <datafield tag="712" ind1="0" ind2="0">
    <subfield code="4">610</subfield>
    <subfield code="a">&#x41E;&#x432;&#x447;&#x438;&#x43D;&#x43D;&#x438;&#x43A;&#x43E;&#x432;,</subfield>
    <subfield code="c">&#x41F;&#x435;&#x442;&#x435;&#x440;&#x431;&#x443;&#x440;&#x433;</subfield>
    <subfield code="g">&#x41C;. &#x41A;.,</subfield>
    <subfield code="h">&#x442;&#x438;&#x43F;&#x43E;&#x433;&#x440;&#x430;&#x444;&#x438;&#x44F;</subfield>
    <subfield code="9">515619</subfield>
    <subfield code="3">RU\NLR\AUTH\880425545</subfield>
  </datafield>
  <datafield tag="790" ind1=" " ind2="0">
    <subfield code="6">z01702</subfield>
    <subfield code="a">&#x41F;.&#x411;.</subfield>
  </datafield>
  <datafield tag="801" ind1=" " ind2="0">
    <subfield code="a">RU</subfield>
    <subfield code="b">NLR</subfield>
    <subfield code="c">19990819</subfield>
  </datafield>
  <datafield tag="852" ind1=" " ind2=" ">
    <subfield code="a">NLR</subfield>
    <subfield code="j">18.18.7.3</subfield>
  </datafield>
  <datafield tag="852" ind1=" " ind2=" ">
    <subfield code="a">NLR</subfield>
    <subfield code="j">138/2714</subfield>
  </datafield>
  <datafield tag="856" ind1=" " ind2="0">
    <subfield code="u">https://vivaldi.nlr.ru/bx700004031/view</subfield>
  </datafield>
  <datafield tag="856" ind1=" " ind2="1">
    <subfield code="u">https://vivaldi.nlr.ru/bx700004031/cover</subfield>
  </datafield>
  <datafield tag="856" ind1=" " ind2="2">
    <subfield code="u">https://vivaldi.nlr.ru/bx700004031/text</subfield>
  </datafield>
  <datafield tag="899" ind1=" " ind2=" ">
    <subfield code="a">&#x41D;&#x411; &#x42D;&#x440;&#x43C;.</subfield>
  </datafield>
  <datafield tag="899" ind1=" " ind2=" ">
    <subfield code="a">&#x417;&#x41D;&#x411; &#x421;&#x413;&#x423;</subfield>
    <subfield code="z">2 &#x44D;&#x43A;&#x437;.</subfield>
  </datafield>
  <datafield tag="899" ind1=" " ind2=" ">
    <subfield code="a">&#x423;&#x41E;&#x41D;&#x411;</subfield>
  </datafield>
  <datafield tag="899" ind1=" " ind2=" ">
    <subfield code="a">&#x413;&#x41C;&#x417;&#x420;&#x41A;</subfield>
  </datafield>
  <datafield tag="899" ind1=" " ind2=" ">
    <subfield code="a">&#x41D;&#x411; &#x420;&#x410;&#x425;</subfield>
  </datafield>
  <datafield tag="899" ind1=" " ind2=" ">
    <subfield code="a">&#x41D;&#x411;&#x41B; &#x41A;&#x413;&#x423;</subfield>
  </datafield>
  <datafield tag="899" ind1=" " ind2=" ">
    <subfield code="a">RR</subfield>
  </datafield>
  <datafield tag="899" ind1=" " ind2=" ">
    <subfield code="a">&#x412;&#x41E;&#x423;&#x41D;&#x411;</subfield>
  </datafield>
  <datafield tag="899" ind1=" " ind2=" ">
    <subfield code="a">&#x41A;&#x43E;&#x441;&#x442;&#x41E;&#x423;&#x41D;&#x411;</subfield>
  </datafield>
  <datafield tag="899" ind1=" " ind2=" ">
    <subfield code="a">&#x417;&#x41D;&#x411; &#x412;&#x413;&#x423;</subfield>
  </datafield>
  <datafield tag="899" ind1=" " ind2=" ">
    <subfield code="a">&#x41D;&#x411; &#x422;&#x430;&#x442;</subfield>
    <subfield code="z">&#x42D;&#x43A;&#x437;. &#x434;&#x435;&#x444;.</subfield>
  </datafield>
  <datafield tag="899" ind1=" " ind2=" ">
    <subfield code="a">&#x420;&#x413;&#x411;</subfield>
  </datafield>
  <datafield tag="899" ind1=" " ind2=" ">
    <subfield code="a">&#x411;&#x410;&#x41D;</subfield>
  </datafield>
  <datafield tag="899" ind1=" " ind2=" ">
    <subfield code="a">&#x413;&#x41F;&#x418;&#x411;</subfield>
  </datafield>
  <datafield tag="899" ind1=" " ind2=" ">
    <subfield code="a">&#x424;&#x411; &#x420;&#x413;&#x41F;&#x423;</subfield>
  </datafield>
  <datafield tag="942" ind1=" " ind2=" ">
    <subfield code="c">BOOK</subfield>
  </datafield>
  <datafield tag="980" ind1=" " ind2=" ">
    <subfield code="a">NB</subfield>
  </datafield>
  <datafield tag="980" ind1=" " ind2=" ">
    <subfield code="a">A1XVIIIv</subfield>
  </datafield>
  <datafield tag="981" ind1="2" ind2="2">
    <subfield code="a">(22) &#x41C;&#x430;&#x442;&#x435;&#x440;&#x438;&#x430;&#x43B;&#x44B; &#x43F;&#x43E; &#x438;&#x441;&#x442;&#x43E;&#x440;&#x438;&#x438; &#x420;&#x43E;&#x441;&#x441;&#x438;&#x438;</subfield>
    <subfield code="b">(22) &#x420;&#x43E;&#x441;&#x441;&#x438;&#x439;&#x441;&#x43A;&#x438;&#x439; &#x438;&#x43C;&#x43F;&#x435;&#x440;&#x430;&#x442;&#x43E;&#x440;&#x441;&#x43A;&#x438;&#x439; &#x434;&#x43E;&#x43C;</subfield>
  </datafield>
  <datafield tag="995" ind1=" " ind2=" ">
    <subfield code="5">2016-05-13</subfield>
    <subfield code="b">NLR02</subfield>
    <subfield code="c">NLR02</subfield>
    <subfield code="e">RFS</subfield>
    <subfield code="f">9680474-10</subfield>
    <subfield code="k">18.18.7.3</subfield>
    <subfield code="o">0</subfield>
    <subfield code="r">BOOK</subfield>
    <subfield code="s">181873_</subfield>
  </datafield>
</record>
